[Event "Penang op-B 11th"]
[Site "Penang"]
[Date "2019.12.09"]
[Round "1"]
[White "Latifah, Laysa"]
[Black "Ong, Coshinne"]
[Result "1-0"]
[WhiteElo "1871"]
[BlackElo "1184"]
[PlyCount "115"]
[EventDate "2019.12.09"]
[EventType "swiss"]
[EventRounds "9"]
[EventCountry "MAS"]
[SourceTitle "CBM 193 Extra"]
[Source "ChessBase"]
[SourceDate "2020.01.31"]
[SourceVersion "1"]
[SourceVersionDate "2020.01.31"]
[SourceQuality "1"]

1. e4 c5 2. Nf3 Nc6 3. d4 cxd4 4. Nxd4 g6 5. Nc3 Bg7 6. Be3 Nf6 7. f3 0-0 8. Bc4 Qa5 9. Qd2 Qb4 10. Nxc6 bxc6 11. Bb3 Bb7 12. 0-0 d5 13. Qf2 Qa5 14. Bc5 Rfe8 15. exd5 cxd5 16. Ba4 Rec8 17. b4 Qd8 18. Rad1 e6 19. Ne4 a5 20. Nd6 Bc6 21. Nxc8 Qxc8 22. b5 Be8 23. Rb1 Rb8 24. Bd6 Rb7 25. Qc5 Qxc5+ 26. Bxc5 Nd7 27. b6 Nxc5 28. Bxe8 Bd4+ 29. Kh1 Na6 30. Bc6 Rxb6 31. Rxb6 Bxb6 32. c3 d4 33. Bb5 Nc7 34. c4 d3 35. Rd1 Nxb5 36. cxb5 Kg7 37. Rxd3 Kf6 38. g3 Ke7 39. Kg2 f6 40. f4 e5 41. fxe5 fxe5 42. Kf3 g5 43. Ke4 Bd4 44. Ra3 Bb6 45. Kxe5 Kd7 46. Kd5 Kc7 47. Rf3 Ba7 48. Rf7+ Kb6 49. Rxh7 Bb8 50. a4 Bc7 51. Rh6+ Kb7 52. h4 g4 53. Rh7 Kb6 54. Rxc7 Kxc7 55. h5 Kd7 56. h6 Ke7 57. h7 Kf7 58. h8Q 1-0